Представление документа в формате MARC21

Поле Инд. ПП Название Значение
Тип записи a
Библиографический уровень m
001 Контрольный номер fe8233f32de14a61912f07244a8d7403
005 Дата корректировки 20250629152849.8
084 a Индекс другой классификации/Индекс ББК 75
091 i Возрастная адресация (DOS) 12+
097 b Оператор Чирова
245 10 a Заглавие Физкультура и спорт
n Номер части/ раздела 10
260 c Дата издания 2024
900 a Имя макрообъекта E0041D10000B3E0E
901 t Тип документа s